000 00322nam a22001217a 4500
008 181129b xxu||||| |||| 00| 0 eng d
041 _aeng
080 _a043.3
100 _a0
101 _aBTH-SHKI
245 _aKrijimi, Implementimi dhe mirmbajtja e rrjetit kompjuterik në sistemin Bankar
_cAliji,A
942 _2udc
_cBK
999 _c52664
_d52664